| 000 | 00677naa a2200145Ia 4500 | ||
|---|---|---|---|
| 003 | ES-SlBCS | ||
| 005 | 20210601152822.0 | ||
| 008 | 140519s1980 xxu||||| |||| 00| 0 eng d | ||
| 041 | _aeng | ||
| 100 | 1 |
_aMargolis, Joseph _9131679 |
|
| 245 | 0 | 3 |
_aAn Alternative to Rationalist and Empiricist Theories of Natural Languages _cJoseph Margolis |
| 650 | 4 |
_aLingüística _9107043 |
|
| 773 | 0 |
_tSprache, Logik und Philosophie : Akten des Vierten Internationalen Wittgenstein Symposiums. 28. August bis 2. September 1979. Kirchberg am Wechsel (Österreich) / Rudolf Haller, Wolfgang Grassl _dWien : Hölder-Pichler-Tempsky, 1980 _g, págs. 555-557 _z3-209-00249-5 _wVA72351 |
|
| 942 | _cAC | ||
| 999 |
_c781578 _d781578 |
||